Storia e cultura dell'omosessualità /

में बचाया:
ग्रंथसूची विवरण
मुख्य लेखक: Previtali, Giuseppe, (1991- ) (लेखक)
स्वरूप: पुस्तक
भाषा:इतालवी
प्रकाशित: Patti : Kimerik, 2010
टैग: टैग जोड़ें
कोई टैग नहीं, इस रिकॉर्ड को टैग करने वाले पहले व्यक्ति बनें!

MARC

LEADER 00000nam a22000007i 4500
001 IT\ICCU\RAV\1906829
003 ItRI
005 20260115232122.0
008 100529s2010 it |||||| ||||| |||||c
020 |a 9788860965097 
040 |b ita  |c importazione bologna sebina 
041 7 |a ita  |2 ISO-639-2 
100 1 |a Previtali, Giuseppe,  |d  (1991- )  |0 IT\ICCU\RAVV\661799  |4 aut 
240 1 0 |a Storia e cultura dell'omosessualità  |3 IT\ICCU\USM\0043120  |9 Previtali, Giuseppe <1991- > 
245 1 0 |a Storia e cultura dell'omosessualità /  |c Giuseppe Previtali. 
260 |a Patti :  |b Kimerik,  |c 2010 
300 |a 173 p. ;  |c 21 cm. 
942 |2 ddc  |c BK  |n 0 
952 |0 0  |1 0  |4 0  |6 DOC_306_766000000000000_PRE  |7 0  |9 20358  |a BO  |b BO  |d 2026-01-15  |i 14688  |l 0  |o DOC 306.766 PRE  |p BO14688  |r 2026-01-15 23:21:22  |w 2026-01-15  |x [Sebina 5] [1 v.]  |y BK  |z 1 v. 
999 |c 17369  |d 17369